| 000 | 00548nam a2200193Ia 4500 | ||
|---|---|---|---|
| 003 | OSt | ||
| 005 | 20191219114118.0 | ||
| 008 | 190216s9999||||xx |||||||||||||| ||und|| | ||
| 020 | _a0706903897 | ||
| 040 | _coclc | ||
| 082 |
_a338.954 _bJHI/E |
||
| 100 |
_aJhingan, M L _9469 |
||
| 245 | 0 |
_aThe Economics Of Development And Planning / _cM L Jhingan |
|
| 250 | _a11th ed. | ||
| 260 |
_bVikas Publishing House, _c1978. _aDelhi: |
||
| 300 | _a603p | ||
| 650 | _aEconomics | ||
| 942 |
_cBK _2ddc _h338.954 _iJHI/E _k338.954 _mJHI/E |
||
| 999 |
_c4120 _d4120 |
||